Т. 1; Экономика России в XXI веке

Opis bibliograficzny
Parent link:Экономика России в XXI веке: сборник научных трудов XII Всероссийской научно-практической конференции "Экономические науки и прикладные исследования", г. Томск, 17-21 ноября 2015 г./ Национальный исследовательский Томский политехнический университет (ТПУ) ; под ред. Г. А. Барышевой , Л. М. Борисовой. Т. 1.— , 2015.— 978-5-4387-0629-8
Streszczenie:В сборнике представлены результаты фундаментальных и прикладных исследований ученых-экономистов, преподавателей, аспирантов, студентов и молодых ученых России и зарубежья роли государства, общества, компании и человека в периоды трансформационных изменений социально-экономических систем. Рассмотрены различные аспекты благополучия человека и общества на микро- и макроуровне в России и за рубежом.
Język:rosyjski
Wydane: 2015
Hasła przedmiotowe:
Format: Książka
KOHA link:https://koha.lib.tpu.ru/cgi-bin/koha/opac-detail.pl?biblionumber=334869

MARC

LEADER 00000nam2a2200000 4500
001 334869
005 20231102004709.0
010 |a 9785438706304 
035 |a (RuTPU)RU\TPU\book\361171 
035 |a RU\TPU\book\302986 
090 |a 334869 
100 |a 20170908d2015 k y0rusy50 ca 
101 0 |a rus 
102 |a RU 
105 |a y z 101zy 
200 0 |a Т. 1 
210 |d 2015 
215 |a 629 с. 
320 |a Библиография в конце докладов 
330 |a В сборнике представлены результаты фундаментальных и прикладных исследований ученых-экономистов, преподавателей, аспирантов, студентов и молодых ученых России и зарубежья роли государства, общества, компании и человека в периоды трансформационных изменений социально-экономических систем. Рассмотрены различные аспекты благополучия человека и общества на микро- и макроуровне в России и за рубежом. 
461 1 |0 (RuTPU)RU\TPU\book\361405  |y 978-5-4387-0629-8  |t Экономика России в XXI веке  |o сборник научных трудов XII Всероссийской научно-практической конференции "Экономические науки и прикладные исследования", г. Томск, 17-21 ноября 2015 г.  |o в 2 т.  |f Национальный исследовательский Томский политехнический университет (ТПУ) ; под ред. Г. А. Барышевой , Л. М. Борисовой  |v Т. 1  |d 2015 
606 1 |a Экономика  |x Россия  |2 stltpush  |3 (RuTPU)RU\TPU\subj\37358  |9 58389 
610 1 |a труды учёных ТПУ 
610 1 |a экономическая теория 
610 1 |a государственное управление 
610 1 |a трансформационные процессы 
610 1 |a рыночная экономика 
610 1 |a благополучие 
610 1 |a человеческий капитал 
610 1 |a конференции 
610 1 |a бухгалтерский учет 
610 1 |a управленческий учет 
610 1 |a финансовый учет 
610 1 |a Россия 
610 1 |a ипотечное кредитование 
610 1 |a социальная активность 
610 1 |a качество 
610 1 |a качество жизни 
610 1 |a инвестиционная привлекательность 
610 1 |a стратегическое планирование 
610 1 |a антикризисные меры 
686 |a У9(2)0л0  |v LBC/SL-A  |2 rubbk 
801 1 |a RU  |b 63413507  |c 20081211  |g PSBO 
801 2 |a RU  |b 63413507  |c 20170921  |g PSBO 
942 |c BK